Introduction to Logic/ (Record no. 163782)

MARC details
000 -LEADER
fixed length control field 00721nam a22002177a 4500
005 - DATE AND TIME OF LATEST TRANSACTION
control field 20190430144143.0
010 ## - LCCN (DPL NO)
LC control number B-422628
020 ## - INTERNATIONAL STANDARD BOOK NUMBER
International Standard Book Number 9788131724231
035 ## - SYSTEM CONTROL NUMBER
System control number B-422628
037 ## - SOURCE OF ACQUISITION
Source of stock number/acquisition DBAD/PUB
082 ## - DEWEY DECIMAL CLASSIFICATION NUMBER
Classification number 160
100 ## - MAIN ENTRY--PERSONAL NAME
Personal name Copi Irving M.
245 ## - TITLE STATEMENT
Title Introduction to Logic/
Statement of responsibility, etc by Irving M. Copi [et. al]
250 ## - EDITION STATEMENT
Edition statement 13 ed.
260 ## - PUBLICATION, DISTRIBUTION, ETC. (IMPRINT)
Place of publication, distribution, etc Noida
Name of publisher, distributor, etc Dorling Kindersley(India) Pvt.Ltd.
Date of publication, distribution, etc 2009
270 ## - ADDRESS
Address 7th Floor, Knowledge Boulevard, A-8(A), sector 62,Noida
City U.P.
Postal code 201309
300 ## - PHYSICAL DESCRIPTION
Extent xviii,686p.
Dimensions 23.5cm.(hbk)
500 ## - GENERAL NOTE
General note It includes Index.
942 ## - ADDED ENTRY ELEMENTS (KOHA)
Source of classification or shelving scheme Dewey Decimal Classification
Item type English Books
Classification part 160
Call number suffix COP
Holdings
Withdrawn status Lost status Not for loan Collection code Home library Current library Date acquired Source of acquisition Full call number Barcode Copy number Koha item type
      Non-fiction Central Library Central Library 30/04/2019 DBAD/PUB 160 COP b-422628 1 English Books

© Delhi Public Library
Hit Counter
free hit counter